Phố : Tiểu thuyết

Salvato in:
Dettagli Bibliografici
Autore principale: Chu, Lai
Natura: Libro
Lingua:Undetermined
Pubblicazione: Hà Nội Thanh niên 2019
Soggetti:
Tags: Aggiungi Tag
Nessun Tag, puoi essere il primo ad aggiungerne! !
Thư viện lưu trữ: Trung tâm Học liệu Trường Đại học Cần Thơ
LEADER 00536nam a2200205Ia 4500
001 CTU_232376
008 210402s9999 xx 000 0 und d
020 |c 116000 
082 |a 895.922334 
082 |b L103 
100 |a Chu, Lai 
245 0 |a Phố : 
245 0 |b Tiểu thuyết 
245 0 |c Chu Lai 
260 |a Hà Nội 
260 |b Thanh niên 
260 |c 2019 
650 |a Tiểu thuyết Việt Nam,Vietnamese fiction 
910 |b nthai 
980 |a Trung tâm Học liệu Trường Đại học Cần Thơ